| 000 | 01271nam a2200253Ia 4500 | ||
|---|---|---|---|
| 001 | 19134 | ||
| 003 | GE_BSU | ||
| 008 | 181216s||||||||xx |||||||||||||| ||und|| | ||
| 020 | _a9789941032431 | ||
| 040 | _cGE_BSU | ||
| 080 | _a02 | ||
| 245 | _aIFLA / UNESCO-სახელმძღვანელო მითითებანი საჯარო ბიბლიოთეკებში მომსახურების განვითარების შესახებ | ||
| 245 | _cთარგმ. მზია ხოსიტაშვილიმა | ||
| 250 | _aსაქ. პარლამ. ეროვნული ბიბლიოთეკა | ||
| 260 | _aთბილისი | ||
| 260 | _bსაქ. პარლამ. ეროვნული ბიბლიოთეკა | ||
| 260 | _c2012 | ||
| 300 | _a141გვ. | ||
| 541 | _h5ლ. 50თ. | ||
| 653 | _aIFLA / UNESCO-სახელმძღვანელო მითითებანი საჯარო ბიბლიოთეკებში მომსახურების განვითარების შესახებ | ||
| 653 | _aსაბიბლიოთეკო საქმე | ||
| 653 | _aქსეროქსი | ||
| 942 | _cBK | ||
| 999 |
_c52127 _d52127 |
||